Towards understanding Colletotrichum species complexes causing leaf disease in rubber (Record no. 71423)

MARC details
000 -LEADER
fixed length control field 00513nam a2200133Ia 4500
100 ## - MAIN ENTRY--AUTHOR NAME
Personal name Roy C.B
245 #0 - TITLE STATEMENT
Title Towards understanding Colletotrichum species complexes causing leaf disease in rubber
260 ## - PUBLICATION, DISTRIBUTION, ETC. (IMPRINT)
Name of publisher IRC 2012. International Rubber Conference, 28-31 October 2012, Kovalam, India, Rubber Research Institute of India, Kottayam and IRRDB, Malaysia: Abstracts. pp.174-75.
650 ## - SUBJECT ADDED ENTRY--TOPICAL TERM
Topical Term Leaf disease
700 ## - ADDED ENTRY--PERSONAL NAME
Personal name Mathew J
700 ## - ADDED ENTRY--PERSONAL NAME
Personal name Saha T
942 ## - ADDED ENTRY ELEMENTS (KOHA)
Koha item type Journals
Holdings
Withdrawn status Lost status Damaged status Not for loan Home library Current library Shelving location Date acquired Koha item type
      Journals RRII Library RRII Library Pathology 17/04/2013 Journals